00516nam a22001457a 4500003000500000038002200005082000800027100001800035245012100053264003100174300002000205650004600225700004100271856005800312NUST aZafar Iqbal Malik a200 aHassan, Sadia aBifunctional and Synergic Surface Modification of Biomedical Implants for Improved Biocompatibility/cSadia Hassan,  aIslamabadbSMME NUSTc2023 a219, p.c35 cm. aPhD- Biomedical Engineering and Sciences  aSupervisor: Dr. Murtaza Najabat Ali u http://10.250.8.41:8080/xmlui/handle/123456789/43911